| 000 | 00658nam a2200217 a 4500 | ||
|---|---|---|---|
| 005 | 20140310183614.0 | ||
| 008 | 120830s19uu xx 00 eng d | ||
| 020 | _a978001284356 | ||
| 050 |
_aHD 31 _b.R797 2009 |
||
| 100 | _aRue, Leslie W. | ||
| 245 |
_aManagement : _bskills and application / _cLeslie W. Rue, Lloyd L. Byars. |
||
| 250 | _a13th ed. | ||
| 260 |
_aChicago, United States : _bMcGraw-Hill/Irwin, _c2009. |
||
| 300 |
_axv, 490 p. : _bcol. ill. ; _c26 cm. |
||
| 500 | _aIncludes bibliographical references and indexes. | ||
| 521 | _aBSBA | ||
| 650 | _aManagement | ||
| 700 | _aByars, Lloyd L. | ||
| 942 |
_cBK _2lcc _kFOR |
||
| 999 |
_c25297 _d25297 |
||